LEADER 01281nam a2200253 i 4500 001 000000152728 003 CaOOAMICUS 005 20060829000000.0 008 060829s1976 it u000 u ita u 013 $a130069 040 $aSeMil$bita 100 1 $aAntonetti, Nicola,$d<1945- >.$0(OLS)http://semarc/name/4696 245 12$aL'ideologia della sinistra cristiana :$bi cattolici tra Chiesa e comunismo (1937-1945) /$cNicola Antonetti. 260 $aMilano :$bFranco Angeli,$c1976. 300 $a112 p. ;$c22 cm. 490 0 $aCollana dell'Istituto di sociologia dell'Università di Parma. Sez. Politica e società ;$v1 500 $aContiene : Nota bibliografica. 650 4$aPartito della sinistra cristiana <1939-1945> - Storia.$0(OLS)http://semarc/subject/29591 830 0$aCollana dell'Istituto di sociologia dell'Università di Parma. Sez. Politica e società ;$v1.$0(OLS)http://semarc/title/13729 850 $aSeMil 852 $aSeMil$W1$xVenegono$y1$m3N III 506$j241888$B104674$CSeMilBibl$Z2$F116499 $81 961 $aOmaggio: Gualerni don Gualberto 996 $6245$aL'ideologia della sinistra cristiana :$bi cattolici tra Chiesa e comunismo (1937-1945)$9(OLS)http://semarc/title/223302 996 $6260$aMilano :$bFranco Angeli$9(OLS)http://semarc/publisher/30369 LEADER 01234nam a2200289 i 4500 001 000000236592 003 CaOOAMICUS 005 20141204000000.0 008 141204s2014 it u000 u ita u 013 $a215496 020 $a978-88-10-41635-8 040 $aSeMil$bita 100 1 $aMazza, Enrico,$d<1940- >.$0(OLS)http://semarc/name/962 245 10$aDall'Ultima Cena all'Eucaristia della Chiesa /$cEnrico Mazza. 260 $aBologna :$bEDB,$c2014. 300 $a293 p. ;$c21 cm. 490 0 $aStudi e ricerche di liturgia 650 4$aEucaristia - Rito.$0(OLS)http://semarc/subject/13774 650 4$aBibbia. Nuovo Testamento. Vangeli - Ultima Cena.$0(OLS)http://semarc/subject/5978 650 4$aEucaristia - Teologia.$0(OLS)http://semarc/subject/4479 830 0$aStudi e ricerche di liturgia.$0(OLS)http://semarc/title/9993 850 $aSeMil 852 $aSeMil$W1$xVenegono$y1$m3K III 536$j186938$B186938$CSeMilBibl$Z2$F199029 $81 961 $aOmaggio: Caspani don Pierpaolo 996 $6020$a978-88-10-41635-8$9(OLS)http://semarc/number/241747 996 $6245$aDall'Ultima Cena all'Eucaristia della Chiesa$9(OLS)http://semarc/title/409765 996 $6260$aBologna :$bEDB$9(OLS)http://semarc/publisher/29669